Tilastot visalle Jyväskylän MM-ralli: erikoiskokeet

Klikkaa tästä pelataksesi tätä visaa!

Yleistilastot

  • Tätä visaa on pelattu 11 kertaa
  • Keskiarvotulos 13 / 22

Vastaustilastot

% Oikein
TorstaiEK 1Harju 1
100%
PerjantaiEK 10Harju 2
100%
PerjantaiEK 5Halttula 1
67%
PerjantaiEK 9Halttula 2
67%
PerjantaiEK 2Laukaa 1
67%
PerjantaiEK 6Laukaa 2
67%
SunnuntaiEK 19Moksi-Sahloinen 1
67%
SunnuntaiEK 21Moksi-Sahloinen 2
67%
SunnuntaiEK 20Himos-Jämsä 1
56%
SunnuntaiEK 22
(power stage)
Himos-Jämsä 2
56%
PerjantaiEK 3Lankamaa 1
56%
PerjantaiEK 7Lankamaa 2
56%
PerjantaiEK 4Myhinpää 1
56%
PerjantaiEK 8Myhinpää 2
56%
LauantaiEK 12Päijälä 1
56%
LauantaiEK 16Päijälä 2
56%
LauantaiEK 14Vekkula 1
56%
LauantaiEK 18Vekkula 2
56%
LauantaiEK 13Rapsula 1
44%
LauantaiEK 17Rapsula 2
44%
LauantaiEK 11Västilä 1
22%
LauantaiEK 15Västilä 2
22%

Tulosjakauma

Persentiili vastausten määrän mukaan

Jokaisen tuloksen saaneiden osuus

Tuloshistoriasi

Et ole pelannut tätä visaa